zpět

Detail výsledku týmu

Sokec, Šlapanice

Datum a čas kvízu

24 Celkem bodů Celkový počet nahraných bodů na tomto kvízu bez doplňovacích otázek.
2. Pořadí na kvízu Konečné umístění týmu na tomto kvízu.

Zaznamenané odpovědi

# Otázka Odpověď Body Výsledky
1. Novým generálním ředitelem Čes... Václav Nebeský 0
2. Ruská poslankyně Natalja Poklo... na Krym 1
3. Slavnostní otevření nové libeň... Kabát 0
4. Společnost Mattel představila... Panenky jsou genderově neutrální. 0
5. Ragbisté Uruguaye se postarali... Fidži 0
6. V tomto tématu se podíváme na... Tábor, Šárka 1
7. Moderátorka a zpěvačka Emma Sm... Karel Oliva 0
8. Kterým slovem na pět písmen by... nažka 1
9. Po Bedřichu Smetanovi byl pojm... Merkur 0
10. Futuretro, Biorytmy, Kluci kde... Tata Bojs 1